| 000 | 00448cam a2200181ua 4500 | ||
|---|---|---|---|
| 001 | 5237 | ||
| 008 | 120306n ii |||gr||||Z||||||eng | ||
| 040 | _cMAIN | ||
| 082 | _a821 | ||
| 100 |
_aMarvell, Andrew, _eAuthor, |
||
| 245 | 1 | 1 |
_aSelected poems _cby Andrew Marvell |
| 250 | _a3rd. | ||
| 260 |
_aBareilly: _bPrakash book depot, _c1996. |
||
| 300 |
_a286p: _c23cm. |
||
| 653 | _aEnglish poetry | ||
| 700 |
_aMundra, S. C., _eEditor, |
||
| 942 | _cBK | ||
| 999 |
_c4419 _d4419 |
||